| 000 | 00449cam a2200169ua 4500 | ||
|---|---|---|---|
| 041 |
_aeng _h |
||
| 082 |
_a534 _bSTR/TH |
||
| 100 | _aStrutt, John William . | ||
| 245 |
_aTheory of sound vol-1 / _cJohn william Strutt. _hTextual Documents |
||
| 250 |
_a2 / _b. |
||
| 260 |
_aMelbourne,London : _bMacMillan and Company Limited , _c1944. |
||
| 300 | _a480 ; . | ||
| 504 | _a | ||
| 700 | 1 | _aRayleigh, Baron . | |
| 942 | _cBK | ||
| 999 |
_c8826 _d8826 |
||